| 000 | 00982cam a22003374a 4500 | ||
|---|---|---|---|
| 001 | 15557944 | ||
| 003 | OSt | ||
| 005 | 20250117202814.0 | ||
| 008 | 081118s2008 ii 001 0 eng | ||
| 010 | _a 2008324856 | ||
| 020 | _a9788171772070 | ||
| 025 | _aI-E-2008-324856; 73-91 | ||
| 035 | _a(IN-NdUBS)UBS08003305 | ||
| 037 |
_bLibrary of Congress -- New Delhi Overseas Office _cRs990.00 |
||
| 040 |
_aDLC _cDLC |
||
| 042 | _alcode | ||
| 043 | _aa-ii--- | ||
| 050 | 0 | 0 |
_aKNS3542 _b.S24 2008 |
| 100 | 1 |
_aSaharay, H. K., _d1931- |
|
| 245 | 1 | 0 |
_aLaw of evidence / _cby H.K. Saharay, M.S. Saharay. |
| 246 | 3 | 0 | _aEvidence |
| 260 |
_aKolkata : _bEastern Law House, _c2008. |
||
| 300 |
_a141, 946 p. ; _c25 cm. |
||
| 500 | _aIncludes index. | ||
| 650 | 0 |
_aEvidence (Law) _zIndia. |
|
| 650 | 0 |
_aProcedure (Law) _zIndia. |
|
| 700 | 1 | _aSaharay, Madhusudan. | |
| 906 |
_a7 _bcbc _corigode _d2 _encip _f20 _gy-gencatlg |
||
| 942 |
_2lcc _cBK _n0 |
||
| 999 |
_c2641 _d2641 |
||